The living plant
Saved in:
| Main Author: | |
|---|---|
| Format: | Book |
| Language: | English |
| Published: |
[s.l.] :
Holt, Rinehart and Winston,
c1963
|
| Series: | Modern biology series
|
| Subjects: | |
| Tags: |
Add Tag
No Tags, Be the first to tag this record!
|
MARC
| LEADER | 00000cam a2200000 i 4500 | ||
|---|---|---|---|
| 001 | 1/6519 | ||
| 008 | 000614s1963 eng d | ||
| 020 | |z 03-012180-9 | ||
| 035 | |l 10061960 | ||
| 040 | |a GR-MY-UA |b gre |e aacr | ||
| 041 | 0 | |a eng | |
| 082 | 0 | |a 581.1 | |
| 100 | 1 | |a Ray, Peter M. |q (Peter Martin) | |
| 245 | 1 | 4 | |a The living plant / |c Peter Martin Ray |
| 260 | |a [s.l.] : |b Holt, Rinehart and Winston, |c c1963 | ||
| 300 | |a 127 p. |b fig., ill. | ||
| 490 | 1 | |a Modern biology series | |
| 504 | |a Index: p.123-127 | ||
| 650 | 0 | 0 | |a Plant physiology. |
| 830 | 0 | |a Modern biology series | |
| 852 | |a INST |b LESVOS |e 20000614 |h 581.1 RAY |p 005100023476 |q 005100023476 |t BK |y 0 | ||
| 909 | |a Λ |b 072953 | ||
| 970 | |z 2000/06/ΟΙΚΟΝΟΜΟΠΟΥΛΟΥ ΧΡΙΣΤΙΝΑ | ||